Statistiken für aktive Bundesliga Rekordspieler

Klicken Sie hier um das Quiz zu spielen!

Allgemein

  • Dieses Quiz wurde 95 mal gespielt
  • Das Durchschnittsergebnis liegt bei 10 aus 20

Antwortstatistiken

HintAntwort% Korrekt
486Manuel Neuer
99%
456Thomas Müller
98%
380Marco Reus
93%
431Mats Hummels
83%
445Oliver Baumann
68%
284Kevin Trapp
52%
332Maximilian Arnold
52%
379Makoto Hasebe
51%
342Matthias Ginter
51%
279Lukas Hradecky
48%
303Christian Günter
46%
279Mario Götze
43%
273Koen Casteels
38%
346Patrick Herrmann
36%
310Julian Brandt
25%
280Eric Maxim Choupo-Moting
23%
320Kevin Vogt
23%
268Christoph Kramer
20%
266Stefan Bell
19%
295Robin Knoche
14%

Verteilung der Resultate

Perzentil nach korrekt beantworteten Fragen

Anzahl Personen mit jedem Resultat

Ihre Resultats-Entwicklung

Sie haben dieses Quiz noch nicht gespielt